000 00570nam a2200241 a 4500
001 nice12345678
003 IN_TiNIC
005 20260116012040.0
008 050524s1958 newa grp 000 0 eng
020 _a
_c9
082 0 0 _a923.2
_bJON
100 _aJones, Stanley
245 _aMahatma Gandhi an Interpretation
260 _aNew York
_bAbingdon Press
_c1958
300 _a160p
500 _aincludes index and biblioraphy
505 2 _aAppendix
650 _aGandhi M K
700 1 _aJones, Stanley
902 _bSRS
942 _cBK
999 _c5424
_d5424